Directional drilling / (Record no. 19555)
[ view plain ]
| 000 -LEADER | |
|---|---|
| fixed length control field | 00833cam a22002535a 4500 |
| 001 - CONTROL NUMBER | |
| control field | 3387806 |
| 005 - DATE AND TIME OF LATEST TRANSACTION | |
| control field | 20151028143747.0 |
| 008 - FIXED-LENGTH DATA ELEMENTS--GENERAL INFORMATION | |
| fixed length control field | 881206s1987 enka frb 001 0 eng d |
| 020 ## - INTERNATIONAL STANDARD BOOK NUMBER | |
| International Standard Book Number | 0860107167 (vol. 2, hardback) |
| 040 ## - CATALOGING SOURCE | |
| Original cataloging agency | DLC |
| Language of cataloging | eng |
| Transcribing agency | DLC |
| Modifying agency | DLC |
| -- | EG-ScBUE |
| 082 04 - DEWEY DECIMAL CLASSIFICATION NUMBER | |
| Classification number | 622.3381 |
| Item number | ING |
| Edition number | 22 |
| 100 1# - MAIN ENTRY--PERSONAL NAME | |
| Personal name | Inglis, T. A. |
| Fuller form of name | (Tom A.) |
| 9 (RLIN) | 38598 |
| 245 10 - TITLE STATEMENT | |
| Title | Directional drilling / |
| Statement of responsibility, etc | T. A. Inglis. |
| 260 ## - PUBLICATION, DISTRIBUTION, ETC. (IMPRINT) | |
| Place of publication, distribution, etc | London : |
| Name of publisher, distributor, etc | Graham & Trotman, |
| Date of publication, distribution, etc | 1987. |
| 300 ## - PHYSICAL DESCRIPTION | |
| Extent | xiv, 260 p. : |
| Other physical details | ill. ; |
| Dimensions | 24 cm. |
| 490 0# - SERIES STATEMENT | |
| Series statement | Petroleum engineering and development studies, |
| International Standard Serial Number | 0860109321 ; |
| Volume number/sequential designation | v. 2 |
| 500 ## - GENERAL NOTE | |
| General note | Index : p. 249-257. |
| 500 ## - GENERAL NOTE | |
| General note | Include glossary. |
| 504 ## - BIBLIOGRAPHY, ETC. NOTE | |
| Bibliography, etc | Includes bibliographical references. |
| 650 #0 - SUBJECT ADDED ENTRY--TOPICAL TERM | |
| Topical term or geographic name as entry element | Directional drilling. |
| Source of heading or term | BUEsh |
| 651 ## - SUBJECT ADDED ENTRY--GEOGRAPHIC NAME | |
| Source of heading or term | BUEsh |
| 653 ## - INDEX TERM--UNCONTROLLED | |
| Resource For college | Engineering, Petroleum |
| Arrived date list | June2015 |
| -- | October2015 |
| 942 ## - ADDED ENTRY ELEMENTS (KOHA) | |
| Source of classification or shelving scheme | Dewey Decimal Classification |
| Call number prefix | 622.3381 ING |
| Withdrawn status | Lost status | Source of classification or shelving scheme | Damaged status | Not for loan | Koha collection | Home library | Current library | Shelving location | Date acquired | Source of acquisition | Total Checkouts | Total Renewals | Full call number | Barcode | Date last seen | Date last borrowed | Koha item type |
|---|---|---|---|---|---|---|---|---|---|---|---|---|---|---|---|---|---|
| Dewey Decimal Classification | Baccah | Central Library | Central Library | First floor | 11/06/2015 | Purchase | 9 | 60 | 622.3381 ING | 000038629 | 15/07/2025 | 03/03/2019 | Book - Borrowing | ||||
| Dewey Decimal Classification | Baccah | Central Library | Central Library | First floor | 11/06/2015 | Purchase | 8 | 45 | 622.3381 ING | 000038631 | 15/07/2025 | 13/02/2020 | Book - Borrowing | ||||
| Dewey Decimal Classification | Baccah | Central Library | Central Library | First floor | 11/06/2015 | Purchase | 4 | 25 | 622.3381 ING | 000038632 | 15/07/2025 | 28/11/2018 | Book - Borrowing |